| 000 | 00477nam a22001697a 4500 | ||
|---|---|---|---|
| 999 |
_c18240 _d18240 |
||
| 008 | 200226b xxu||||| |||| 00| 0 eng d | ||
| 020 | _a1108741613 | ||
| 100 | _aCyer, Robert | ||
| 245 |
_aAn introduction to International Criminal Law and procedure _cRobert Cryer |
||
| 250 | _a4th ed. | ||
| 260 |
_aNew York _bcambridge _c2019 |
||
| 300 | _alxvi, 576p. | ||
| 650 | _aInternational crimes | ||
| 700 | _aDarryl Robinson | ||
| 700 | _aSergey Vasiliev | ||
| 942 |
_2lcc _cBK |
||